[Event "Titled Tuesday intern op 5th May"]
[Site "Chess.com INT"]
[Date "2020.05.05"]
[Round "1"]
[White "Bagrationi, Dmitry"]
[Black "Aleksandrov, Zakhar"]
[Result "0-1"]
[WhiteElo "2316"]
[BlackElo "2406"]
[PlyCount "144"]
[EventDate "2020.05.05"]
[EventType "swiss (blitz)"]
[EventRounds "10"]
[EventCountry "USA"]
[SourceTitle "EXT 2021"]
[Source "ChessBase"]
[SourceDate "2020.10.23"]
[SourceVersion "1"]
[SourceVersionDate "2020.10.23"]
[SourceQuality "1"]

1. e4 d5 2. exd5 Qxd5 3. Nc3 Qa5 4. Bc4 Nf6 5. Nf3 e6 6. d4 c5 7. 0-0 cxd4 8. Nxd4 Be7 9. Nb3 Qd8 10. Qe2 0-0 11. Bf4 Nc6 12. Rfd1 Bd7 13. Nb5 a6 14. Nd6 Bxd6 15. Bxd6 Re8 16. Bg3 Qe7 17. Bd6 Qd8 18. Nc5 b5 19. Bb3 Qc8 20. Bg3 Na5 21. Nxd7 Nxd7 22. c3 Nxb3 23. axb3 Nc5 24. b4 Na4 25. Rd4 Nb6 26. Rad1 Nd5 27. h3 Qc6 28. Qd2 a5 29. bxa5 Rec8 30. Rg4 Qb7 31. Be5 f6 32. Bd4 Rd8 33. b4 Qc7 34. Rg3 Kh8 35. Qe2 Nf4 36. Qg4 e5 37. Bc5 h5 38. Rxd8+ Rxd8 39. Qf5 Ne2+ 40. Kh2 Nxg3 41. fxg3 Qf7 42. a6 Ra8 43. a7 Kg8 44. Qf1 Qb7 45. c4 Rxa7 46. Bxa7 Qxa7 47. cxb5 Qd4 48. Qb1 e4 49. Qc2 Qxb4 50. Qc8+ Kh7 51. Qf5+ Kh6 52. Qf4+ Kg6 53. g4 Qxb5 54. Qxe4+ Kf7 55. gxh5 Qxh5 56. Qf3 Qe5+ 57. Qg3 Qd4 58. Qf3 g5 59. Qg3 Kg6 60. Qf3 f5 61. g3 f4 62. gxf4 gxf4 63. h4 Kf6 64. Kh3 Qd7+ 65. Kg2 Qd4 66. Kh3 Qd2 67. Kg4 Ke5 68. Kg5 Qd8+ 69. Kh5 Qc8 70. Qe2+ Kf6 71. Qf3 Qf5+ 72. Kh6 Qg6# 0-1

[Event "Titled Tuesday intern op 28th Apr"]
[Site "Chess.com INT"]
[Date "2020.04.28"]
[Round "3"]
[White "Aleksandrov, Zakhar"]
[Black "Corrales Jimenez, Fidel"]
[Result "1/2-1/2"]
[WhiteElo "2406"]
[BlackElo "2532"]
[PlyCount "137"]
[EventDate "2020.04.28"]
[EventType "swiss (blitz)"]
[EventRounds "10"]
[EventCountry "USA"]
[SourceTitle "EXT 2021"]
[Source "ChessBase"]
[SourceDate "2020.10.23"]
[SourceVersion "1"]
[SourceVersionDate "2020.10.23"]
[SourceQuality "1"]

1. d4 Nf6 2. Nf3 g6 3. g3 Bg7 4. c4 0-0 5. Bg2 d5 6. 0-0 Nc6 7. Nc3 dxc4 8. d5 Na5 9. Bg5 c6 10. e4 cxd5 11. exd5 Bf5 12. Re1 Re8 13. Qd2 Rc8 14. Bh6 a6 15. Bxg7 Kxg7 16. Rad1 b5 17. Ne5 Qd6 18. h3 h5 19. f4 b4 20. Na4 Bd7 21. b3 Bxa4 22. bxa4 c3 23. Qf2 Qc5 24. Nc6 Qxf2+ 25. Kxf2 Nxc6 26. dxc6 e6 27. Rd6 Red8 28. Rxd8 Rxd8 29. Rc1 a5 30. Ke3 Kf8 31. a3 Ke7 32. axb4 axb4 33. c7 Rc8 34. Kd3 Rxc7 35. a5 Nd7 36. Kc2 Nc5 37. Rb1 Ra7 38. Rxb4 Rxa5 39. Kxc3 Ra3+ 40. Kc4 Rxg3 41. Bc6 Nd3 42. Rb3 Kd6 43. Be8 Ke7 44. Bc6 Rxh3 45. Rxd3 Rxd3 46. Kxd3 Kf6 47. Ke4 g5 48. fxg5+ Kxg5 49. Be8 Kf6 50. Kf4 e5+ 51. Ke4 Ke6 52. Ba4 f5+ 53. Kf3 Kf6 54. Bb5 Kg5 55. Bf1 h4 56. Bh3 Kf6 57. Ke3 Ke6 58. Kf3 Kf6 59. Ke3 Kg6 60. Kf3 Kg5 61. Ke3 e4 62. Ke2 Kf4 63. Kf2 Ke5 64. Ke2 f4 65. Bc8 Kd4 66. Bg4 Ke5 67. Bc8 Kd6 68. Bb7 Ke5 69. Bc8 1/2-1/2

[Event "Titled Tuesday intern op 28th Apr"]
[Site "Chess.com INT"]
[Date "2020.04.28"]
[Round "9"]
[White "Aleksandrov, Zakhar"]
[Black "Sethuraman, SP."]
[Result "1/2-1/2"]
[WhiteElo "2406"]
[BlackElo "2644"]
[PlyCount "101"]
[EventDate "2020.04.28"]
[EventType "swiss (blitz)"]
[EventRounds "10"]
[EventCountry "USA"]
[SourceTitle "CBM 195 Extra"]
[Source "ChessBase"]
[SourceDate "2020.05.31"]
[SourceVersion "1"]
[SourceVersionDate "2020.05.31"]
[SourceQuality "1"]

1. d4 d6 2. c4 e5 3. d5 Be7 4. Nc3 Bg5 5. e4 Bxc1 6. Rxc1 Ne7 7. Nf3 0-0 8. Bd3 a5 9. 0-0 Na6 10. a3 Nc5 11. b4 Nxd3 12. Qxd3 f5 13. c5 axb4 14. axb4 Ng6 15. Ra1 fxe4 16. Nxe4 Bf5 17. Rxa8 Qxa8 18. Nfd2 Qa2 19. f3 Nf4 20. Qe3 Nxd5 21. Qb3 Qxb3 22. Nxb3 Bxe4 23. fxe4 Rxf1+ 24. Kxf1 Nxb4 25. cxd6 cxd6 26. Na5 b5 27. Nb7 d5 28. Nd6 d4 29. Nxb5 Kf7 30. Ke2 Ke6 31. Na3 Na6 32. h4 Nc5 33. Kf3 h5 34. Nc4 g6 35. g3 Nb3 36. g4 hxg4+ 37. Kxg4 Nc5 38. Kg5 Nxe4+ 39. Kxg6 Kd5 40. Nb2 Ng3 41. h5 Nxh5 42. Kxh5 e4 43. Kg4 d3 44. Kf4 Kd4 45. Nd1 d2 46. Kg3 Kd3 47. Kf2 Kc2 48. Ke2 Kc1 49. Ne3 d1Q+ 50. Nxd1 e3 51. Nxe3 1/2-1/2

[Event "Wch U12"]
[Site "Al Ain"]
[Date "2013.12.28"]
[Round "11"]
[White "Aleksandrov, Zakhar"]
[Black "Saydaliev, Saidakbar"]
[Result "1/2-1/2"]
[WhiteElo "2210"]
[BlackElo "2011"]
[PlyCount "76"]
[EventDate "2013.12.18"]
[EventType "swiss"]
[EventRounds "11"]
[EventCountry "UAE"]
[SourceTitle "CBM 158 Extra"]
[Source "ChessBase"]
[SourceDate "2014.02.28"]
[SourceVersion "1"]
[SourceVersionDate "2014.02.28"]
[SourceQuality "1"]

1. c4 c6 2. d4 d5 3. cxd5 cxd5 4. Nc3 Nc6 5. Bf4 Bf5 6. e3 e6 7. Nf3 Bd6 8. Bxd6 Qxd6 9. Bd3 Bxd3 10. Qxd3 Nf6 11. 0-0 0-0 12. Rac1 Rac8 13. h3 a6 14. Na4 Nd7 15. Nc5 Na5 16. Nxd7 Qxd7 17. Ne5 Qd6 18. Rc3 f6 19. Nf3 Nc4 20. b3 Nb6 21. Rfc1 Rxc3 22. Rxc3 Rc8 23. Rxc8+ Nxc8 24. Qc3 Na7 25. Ne1 Nc6 26. Nd3 b6 27. Nb2 g6 28. Na4 Na7 29. Nb2 Kf7 30. Qd3 Qa3 31. Qc2 Qd6 32. Qe2 Qa3 33. Na4 Qc1+ 34. Qf1 Qxf1+ 35. Kxf1 Nc8 36. Ke2 Ke7 37. Kd3 Kd6 38. Nc3 Ne7 1/2-1/2

[Event "Wch U12"]
[Site "Al Ain"]
[Date "2013.12.21"]
[Round "4"]
[White "Petkov, Matey"]
[Black "Aleksandrov, Zakhar"]
[Result "0-1"]
[WhiteElo "1833"]
[BlackElo "2210"]
[PlyCount "88"]
[EventDate "2013.12.18"]
[EventType "swiss"]
[EventRounds "11"]
[EventCountry "UAE"]
[SourceTitle "CBM 158 Extra"]
[Source "ChessBase"]
[SourceDate "2014.02.28"]
[SourceVersion "1"]
[SourceVersionDate "2014.02.28"]
[SourceQuality "1"]

1. d4 d5 2. Bg5 Qd6 3. Nc3 e6 4. Qd2 Be7 5. e4 dxe4 6. Nxe4 Qd5 7. Bd3 f5 8. c4 Qxd4 9. Nf3 Qd8 10. Ng3 Bxg5 11. Nxg5 Nf6 12. Qe2 Qe7 13. 0-0-0 h6 14. Nf3 Nc6 15. Rhe1 Kf7 16. Ne5+ Nxe5 17. Qxe5 Ng4 18. Qe2 Qc5 19. f4 a5 20. h3 Nf2 21. Rd2 Nxd3+ 22. Qxd3 Ra6 23. Re5 Qg1+ 24. Kc2 Rd6 25. Qc3 Rhd8 26. Ree2 Qc5 27. Rxd6 Qxd6 28. Rd2 Qxd2+ 29. Qxd2 Rxd2+ 30. Kxd2 b6 31. Nf1 Bb7 32. Ne3 Kf6 33. g3 e5 34. Nd1 g5 35. Ke3 h5 36. h4 exf4+ 37. gxf4 gxh4 38. Nf2 Bg2 39. Nd1 Bf1 40. b3 h3 41. Kf3 h4 42. Nf2 Bg2+ 43. Ke3 h2 44. Kd4 h1Q 0-1

[Event "Wch U12"]
[Site "Al Ain"]
[Date "2013.12.19"]
[Round "2"]
[White "Constantius, Leonardo Pratama"]
[Black "Aleksandrov, Zakhar"]
[Result "1/2-1/2"]
[WhiteElo "1879"]
[BlackElo "2210"]
[PlyCount "139"]
[EventDate "2013.12.18"]
[EventType "swiss"]
[EventRounds "11"]
[EventCountry "UAE"]
[SourceTitle "CBM 158 Extra"]
[Source "ChessBase"]
[SourceDate "2014.02.28"]
[SourceVersion "1"]
[SourceVersionDate "2014.02.28"]
[SourceQuality "1"]

1. e4 c6 2. d3 d5 3. Nd2 dxe4 4. dxe4 g6 5. Ngf3 Bg7 6. Bc4 Nf6 7. 0-0 0-0 8. Qe2 Qc7 9. a4 Nh5 10. e5 Nf4 11. Qe4 Nd5 12. Bxd5 cxd5 13. Qxd5 Qxc2 14. Nd4 Qc7 15. f4 Rd8 16. Qe4 Nc6 17. N2f3 Nxd4 18. Nxd4 Qc4 19. Be3 Qb4 20. Qd3 Bd7 21. Qb3 Qxb3 22. Nxb3 Bf8 23. Rfd1 Be6 24. Nc5 Bd5 25. Rd2 e6 26. Rad1 Be7 27. a5 Rac8 28. b4 b6 29. Na6 Bc4 30. Rxd8+ Rxd8 31. Rxd8+ Bxd8 32. axb6 Bxa6 33. bxa7 Bb7 34. Bc5 f6 35. Kf2 fxe5 36. fxe5 Kf7 37. g4 Be7 38. Bd4 Bxb4 39. Ke3 Ke7 40. Kf4 Bd2+ 41. Kg3 Kd7 42. h4 Kc6 43. h5 Kd5 44. Bb2 Ke4 45. hxg6 hxg6 46. Kh4 Kf4 47. Bd4 Be1+ 48. Kh3 g5 49. Bb2 Bd2 50. Bd4 Bf3 51. Kh2 Kxg4 52. a8Q Bxa8 53. Be3 Ba5 54. Bb6 Bb4 55. Bc5 Kf4 56. Bxb4 Kxe5 57. Kg3 Kf5 58. Bc5 g4 59. Ba7 Bf3 60. Bb6 Ke4 61. Ba7 e5 62. Bb6 Kd3 63. Kf2 Ke4 64. Kg3 Kd3 65. Kf2 e4 66. Ba7 Kc4 67. Bb6 Kd5 68. Bc7 Kd4 69. Bb6+ Ke5 70. Bc7+ 1/2-1/2

[Event "Izmailov Memorial op 17th"]
[Site "Tomsk"]
[Date "2013.06.14"]
[Round "4"]
[White "Khlichkova, Tatiana"]
[Black "Aleksandrov, Zakhar"]
[Result "1-0"]
[WhiteElo "2215"]
[BlackElo "2129"]
[PlyCount "67"]
[EventDate "2013.06.11"]
[EventType "swiss"]
[EventRounds "9"]
[EventCountry "RUS"]
[SourceTitle "CBM 154 Extra"]
[Source "ChessBase"]
[SourceDate "2013.06.25"]
[SourceVersion "2"]
[SourceVersionDate "2013.06.25"]
[SourceQuality "1"]

1. d4 Nf6 2. Bg5 c5 3. Bxf6 gxf6 4. c3 Qc7 5. d5 f5 6. e3 Bg7 7. Nf3 e6 8. a4 b6 9. Na3 0-0 10. Bc4 a6 11. Qd3 Qd8 12. Rd1 Qf6 13. e4 fxe4 14. Qxe4 Bb7 15. 0-0 Qh6 16. Qc2 e5 17. Bd3 d6 18. Bf5 Ra7 19. Qb3 Bc8 20. Bxc8 Rxc8 21. Qxb6 Rac7 22. Nc4 Bf8 23. Ne3 Qf4 24. Qb3 f5 25. Kh1 Rg7 26. Qc2 e4 27. Ng1 Nd7 28. Nh3 Qe5 29. f4 Qf6 30. Ng5 Be7 31. g4 fxg4 32. Qxe4 Qg6 33. Qe6+ Qxe6 34. Nxe6 1-0

[Event "Izmailov Memorial op 16th"]
[Site "Tomsk"]
[Date "2012.08.13"]
[Round "8"]
[White "Ponomarev, Dmitry"]
[Black "Aleksandrov, Zakhar"]
[Result "1-0"]
[WhiteElo "2391"]
[BlackElo "2129"]
[PlyCount "41"]
[EventDate "2012.08.06"]
[EventType "swiss"]
[EventRounds "9"]
[EventCountry "RUS"]
[SourceTitle "CBM 149 Extra"]
[Source "ChessBase"]
[SourceDate "2012.08.24"]
[SourceVersion "1"]
[SourceVersionDate "2012.08.24"]
[SourceQuality "1"]

1. d4 d5 2. c4 e6 3. Nf3 Nf6 4. g3 g6 5. b3 Bg7 6. Ba3 Nbd7 7. Bg2 b6 8. Nc3 Bb7 9. Rc1 c5 10. cxd5 exd5 11. 0-0 Ne4 12. Na4 Rc8 13. dxc5 b5 14. Nd4 bxa4 15. c6 Ba6 16. cxd7+ Qxd7 17. Rxc8+ Qxc8 18. Bxe4 dxe4 19. bxa4 Qc4 20. Nb5 Bxb5 21. Qd6 1-0